| 000 | 00809nam a22002417a 4500 | ||
|---|---|---|---|
| 001 | 2306 | ||
| 005 | 20240705143922.0 | ||
| 020 | _a9780545003957 | ||
| 040 |
_aFISKH _beng _cFISKH _dFISKH |
||
| 082 | _a591.65 | ||
| 100 | _aBerger, Melvin | ||
| 245 |
_aDangerous animals / _cBy Melvin and Gilda Berger |
||
| 250 | _aFirst printing, January 2009 | ||
| 260 |
_aNew York : _bScholastic, _c2009 |
||
| 300 |
_a46 pages : _bColor illustrations _c23 cm |
||
| 490 | _aScholastic true or false | ||
| 505 | _aT | ||
| 520 | _aAsks readers a true-or-false question about the physical characteristics, diet, or behavior of dangerous animals that the reader can find the answer to by turning the page. | ||
| 521 |
_a850 _bLexile |
||
| 521 |
_aT _bRaz-Plus |
||
| 700 |
_aBerger, Gilda _eCoauthor |
||
| 942 |
_2ddc _cBK _n0 |
||
| 999 |
_c2306 _d2306 |
||